000 00961nam a2200253Ia 4500
003 OSt
005 20220923211215.0
006 a|||||r|||| 00| 0
007 ta
008 220922b |||||||| |||| 00| 0 hin d
020 _a9788126320318 (hbk)
_c500
024 _a246,058
037 _b0/00922-D5, 08/03/2011, Bharatiya Gyanpith
_cTextual
040 _aARTS
_cARTS
_bhin
041 _2hin
_ahin
082 _aO44(Y527);g(Y), 152Q0
100 _aठाकुर, हरिनारायण
_9159637
245 0 _aदलित साहित्य का समाजशास्त्र
246 _aDalit sāhitya kā samājashāstra
260 _aनयी दिल्ली
_b भारतीय ज्ञानपीठ
_c2010
300 _a554पृ.
_ccm.
942 _hO44(Y527);g(Y), 152Q0
_cTEXL
_2CC
999 _c296867
_d296867